000 00622nam a2200277Ia 4500
005 20260324150634.0
008 008 260324s9999 xx 000 0 eng d
020 _a9781003252610
037 _aEBOOK
040 _aCRL
040 _beng
040 _cCRL
041 _2eng
041 _aeng
084 _qCRL
100 _aV. G. Childe
_91227100
245 0 _aSociety and Knowledge
260 _bTaylor and Francis
260 _c1956
365 _a
365 _b150
856 _uhttp://www.taylorfrancis.com/books/9781003252610
942 _cEBOOK
999 _c1836915
_d1836915